Documento firmado por el Rey [Felipe IV]. (Record no. 4672)

MARC details
000 -CABECERA
campo de control de longitud fija 01394nam a2200301 a 4500
001 - NÚMERO DE CONTROL
campo de control BRCA_4978
005 - FECHA Y HORA DE LA ÚLTIMA TRANSACCIÓN
campo de control 20190320204903.0
008 - DATOS DE LONGITUD FIJA--INFORMACIÓN GENERAL
campo de control de longitud fija 271010s1640----sp-######v---#000-0#spa-#
041 ## - CÓDIGO DE LENGUA
Código de lengua del texto/banda sonora o título independiente spa
044 ## - CÓDIGO DEL PAÍS DE LA ENTIDAD EDITORA/PRODUCTORA
Código MARC del país mx
084 ## - OTRO NÚMERO DE CLASIFICACIÓN
Número de clasificación DOC65
Número de documento/Ítem .D63
-- 1640
245 10 - MENCIÓN DE TÍTULO
Título Documento firmado por el Rey [Felipe IV].
Mención de responsabilidad, etc. [Felipe IV].
260 ## - PUBLICACIÓN, DISTRIBUCIÓN, ETC.
Lugar de publicación, distribución, etc. Madrid
Fecha de publicación, distribución, etc. 1640
300 ## - DESCRIPCIÓN FÍSICA
Extensión [2] fojas
Dimensiones 31 x 21 cm.
500 ## - NOTA GENERAL
Nota general Documento firmado el 6 de julio de 1640.
500 ## - NOTA GENERAL
Nota general Documento dirigido al Corregidor de Cuenca o a su Lugarteniente Rodríguez Quindal y otros, que vayan a la ciudad de Huch y les den la posición de nueve oficios de jurados perpetuos de aquella ciudad en lugar de los 6 que han sido anuales.
500 ## - NOTA GENERAL
Nota general [Real Cédula] Firmada como ´Yo el Rey´.
500 ## - NOTA GENERAL
Nota general Contiene la leyenda DOC.# 75.
500 ## - NOTA GENERAL
Nota general Papel con marca de agua.
500 ## - NOTA GENERAL
Nota general Estado de conservaciòn: dobleces y roturas en los cuatro márgenes, manchas de acides por tinta.
506 0# - NOTA DE RESTRICCIONES AL ACCESO
Limitaciones de acceso Fondo Reservado. Para su consulta es necesario credencial de usuario y carta de motivos.
546 ## - NOTA DE LENGUA/LENGUAJE
Nota de lengua/lenguaje Texto en: español de mediados del siglo XVII.
600 14 - PUNTO DE ACCESO ADICIONAL DE MATERIA--NOMBRE DE PERSONA
Nombre de persona Felipe,
Numeración IV,
Títulos y otros términos asociados al nombre Rey de España,
Fechas asociadas al nombre 1605-1665
Subdivisión general Historia
9 (RLIN) 12671
650 14 - PUNTO DE ACCESO ADICIONAL DE MATERIA--TÉRMINO DE MATERIA
Término de materia o nombre geográfico como elemento de entrada Documentos legales
Subdivisión general Historia
Subdivisión cronológica Casa de Austria, 1521-1700
Subdivisión geográfica España
9 (RLIN) 12672
651 #4 - PUNTO DE ACCESO ADICIONAL DE MATERIA--NOMBRE GEOGRÁFICO
Nombre geográfico México
Subdivisión general Historia
Subdivisión cronológica Colonia, 1521-1821
Subdivisión geográfica Manuscritos
9 (RLIN) 12673
902 ## - CATALOGADOR
Iniciales FDH
942 ## - ELEMENTOS DE PUNTO DE ACCESO ADICIONAL (KOHA)
Fuente del sistema de clasificación o colocación Library of Congress Classification
Tipo de ítem Koha Documentos
Holdings
Estado de retiro Estado de pérdida Estado dañado No para préstamo Localización permanente Ubicación/localización actual Fecha de adquisición Total de préstamos Signatura topográfica completa Código de barras Fecha visto por última vez Precio válido a partir de Tipo de ítem Koha
El ejemplar forma parte de la colección y puede ser consultado según las políticas vigentes.       Biblioteca del Museo Franz Mayer (Rogerio Casas-Alatriste) Biblioteca del Museo Franz Mayer (Rogerio Casas-Alatriste) 27/10/2010   DOC65 .D63 1640 5059 22/03/2019 22/03/2019 Documentos